• 首页
  • 本馆介绍
  • 公告通知
  • 最新文献
  • 馆藏检索
  • 电子资源
  • 读者导购
  • 参考咨询
  • 我的图书馆
  • 登录
  • 详细信息显示
  • 放入我的书架
  • 预约/预借图书
  • 作者相关作品
  • 分类相关作品
  • 丛书相关作品
  • 出版社相关作品

书目信息

  • 表格格式
  • 工作单格式
  • 卡片格式
题名:
睡前胎教故事
    
 
作者: 岳然 编
分册:  
出版信息: 福州   福建科学技术出版社  2018.07
页数: 239页
开本: 21cm
丛书名:
单 册:
中图分类: G610.8
科图分类:
主题词: 胎教--tai jiao--基本知识
电子资源:
ISBN: 978-7-5335-5571-9
000 00793nam0 2200241 450
001 0109110011
005 20201109110331.0
010    @a978-7-5335-5571-9@dCNY39.00
100    @a20190109d2018 em y0chiy50 ea
101 0  @achi
102    @aCN@b350000
105    @aa z 000yy
106    @ar
200 1  @a睡前胎教故事@Ashui qian tai jiao gu shi@f岳然编
210    @a福州@c福建科学技术出版社@d2018.07
215    @a239页@c彩图@d21cm
300    @a妈妈班孕产育儿系列
330    @a本书集合一百多篇经典好故事,用设问方式为孕妈妈普及生活中的常识。每篇故事都为胎宝宝总结要点知识,经典朗诵环节让孕妈妈的声音陪伴着胎儿快乐成长。
606 0  @a胎教@Atai jiao@x基本知识
690    @aG610.8@v5
701  0 @a岳然@Ayue ran@4编
801  0 @aCN@bBJSZM@c20201103
905    @b1263166-70@dG610.8@e1403@f5
    
    睡前胎教故事/岳然编.-福州:福建科学技术出版社,2018.07
    239页:彩图;21cm
    妈妈班孕产育儿系列
    
    ISBN 978-7-5335-5571-9:CNY39.00
    本书集合一百多篇经典好故事,用设问方式为孕妈妈普及生活中的常识。每篇故事都为胎宝宝总结要点知识,经典朗诵环节让孕妈妈的声音陪伴着胎儿快乐成长。
●
相关链接 在E读中查询图书 在五车中查询图书 在当当中查询图书 在豆瓣中查询图书


正题名:睡前胎教故事     索取号:G610.8/1403         预约/预借

序号 登录号 条形码 馆藏地/架位号 状态 备注
1 1263166   212631669   第一样本阅览室/ [索取号:G610.8/1403] 在馆    
2 1263167   212631678   教育系资料室/ [索取号:G610.8/1403] 在馆    
3 1263168   212631687   教育系资料室/ [索取号:G610.8/1403] 在馆    
4 1263169   212631696   第四借阅区/ [索取号:G610.8/1403] 在馆    
5 1263170   212631703   第四借阅区/ [索取号:G610.8/1403] 在馆    
唐山师范学院图书馆 欢迎您!
大连网信软件有限公司© 版权所有